000 00725nam a2200241 a 4500
999 _c8097
_d8097
001 8097
003 BD-JhCC
005 20180218161135.0
008 180218s1965 bg 001 0 eng d
035 _a(BD-JhCC)8097
040 _aBD-JhCC
_dBD-JhCC
041 _aeng
082 _a266.5541
_bALI 1965
100 1 _aAli, Muhammad Mohar.
245 1 4 _aThe Bengali reaction to Christian missionary activities, 1833-1857 /
_cby Muhammad Mohar Ali.
260 _aChittagong :
_bMehrub Publications,
_c1965.
300 _axii, 243 p. ;
_c23 cm.
502 _aThesis (Ph. D.)--University of London, 1963.
504 _aBibliography: p. [211]-232.
650 0 0 _aMissions
_zIndia
_zBengal.
942 _2ddc
_cBK